MARC details
| 000 -LEADER |
| fixed length control field |
02023cam a22004098i 4500 |
| 001 - CONTROL NUMBER |
| control field |
18928925 |
| 003 - CONTROL NUMBER IDENTIFIER |
| control field |
CSPC |
| 005 - DATE AND TIME OF LATEST TRANSACTION |
| control field |
20250221131755.0 |
| 008 - FIXED-LENGTH DATA ELEMENTS--GENERAL INFORMATION |
| fixed length control field |
160106s2017 cau b 001 0 eng |
| 010 ## - LIBRARY OF CONGRESS CONTROL NUMBER |
| LC control number |
2016000039 |
| 020 ## - INTERNATIONAL STANDARD BOOK NUMBER |
| International Standard Book Number |
9781483349756 |
| Qualifying information |
(paperback : alk. paper) |
| 035 ## - SYSTEM CONTROL NUMBER |
| System control number |
(DNLM)101674660 |
| 040 ## - CATALOGING SOURCE |
| Original cataloging agency |
DNLM/DLC |
| Transcribing agency |
DLC |
| Description conventions |
rda |
| Modifying agency |
DLC |
| -- |
CSPC |
| Language of cataloging |
eng |
| 042 ## - AUTHENTICATION CODE |
| Authentication code |
pcc |
| 050 00 - LIBRARY OF CONGRESS CALL NUMBER |
| Classification number |
RC455.2.E8 |
| Item number |
M69 2017 |
| 060 10 - NATIONAL LIBRARY OF MEDICINE CALL NUMBER |
| Classification number |
WM 21 |
| 082 00 - DEWEY DECIMAL CLASSIFICATION NUMBER |
| Classification number |
174.29689 |
| Item number |
M874a |
| Edition number |
23 |
| 100 1# - MAIN ENTRY--PERSONAL NAME |
| Personal name |
Moyer, Michael, |
| Relator term |
author. |
| 245 10 - TITLE STATEMENT |
| Title |
Applied ethics and decision making in mental health / |
| Statement of responsibility, etc. |
Michael Moyer and Charles Crews. |
| 264 #1 - PRODUCTION, PUBLICATION, DISTRIBUTION, MANUFACTURE, AND COPYRIGHT NOTICE |
| Place of production, publication, distribution, manufacture |
Los Angeles : |
| Name of producer, publisher, distributor, manufacturer |
SAGE, |
| Date of production, publication, distribution, manufacture, or copyright notice |
2017. |
| 300 ## - PHYSICAL DESCRIPTION |
| Extent |
xvii, 446 pages ; |
| Dimensions |
24 cm. |
| 336 ## - CONTENT TYPE |
| Content type term |
text |
| Source |
rdacontent |
| 337 ## - MEDIA TYPE |
| Media type term |
unmediated |
| Source |
rdamedia |
| 338 ## - CARRIER TYPE |
| Carrier type term |
volume |
| Source |
rdacarrier |
| 504 ## - BIBLIOGRAPHY, ETC. NOTE |
| Bibliography, etc. note |
Includes bibliographical references and index. |
| 505 0# - FORMATTED CONTENTS NOTE |
| Formatted contents note |
Introduction to ethics -- The counselor as a person and professional identity -- Ethical decision making -- Ethics & diversity -- Clients' rights and counselors' responsibilities -- Confidentiality and privileged communication -- Ethics in theory, practice, and professional relationships -- Appropriate boundaries and multiple relationships -- Ethics and technology -- Ethics in group work, couples, and families -- Ethics in school counseling -- Ethics in counselor education -- Ethics in supervision -- Ethics in research and publications. |
| 650 12 - SUBJECT ADDED ENTRY--TOPICAL TERM |
| Topical term or geographic name entry element |
Counseling |
| General subdivision |
ethics |
| 650 12 - SUBJECT ADDED ENTRY--TOPICAL TERM |
| Topical term or geographic name entry element |
Mental Health |
| General subdivision |
ethics |
| 650 22 - SUBJECT ADDED ENTRY--TOPICAL TERM |
| Topical term or geographic name entry element |
Professional-Patient Relations |
| General subdivision |
ethics |
| 650 22 - SUBJECT ADDED ENTRY--TOPICAL TERM |
| Topical term or geographic name entry element |
Clinical Decision-Making |
| General subdivision |
ethics |
| 650 22 - SUBJECT ADDED ENTRY--TOPICAL TERM |
| Topical term or geographic name entry element |
Confidentiality |
| General subdivision |
ethics |
| 700 1# - ADDED ENTRY--PERSONAL NAME |
| Personal name |
Crews, Charles, |
| Relator term |
author. |
| 906 ## - LOCAL DATA ELEMENT F, LDF (RLIN) |
| a |
7 |
| b |
cbc |
| c |
orignew |
| d |
1 |
| e |
ecip |
| f |
20 |
| g |
y-gencatlg |
| 942 ## - ADDED ENTRY ELEMENTS (KOHA) |
| Source of classification or shelving scheme |
Dewey Decimal Classification |
| Suppress in OPAC |
No |
| Koha item type |
Books |
| Classification part |
174.29689 |
| Item part |
M874a |
| Call number prefix |
CIR |
| Call number suffix |
2017 |
| Edition |
23 |